000 00445nam a2200181Ia 4500
001 19892
005 20260306172726.0
008 260306t2016||||xx |||||||||||||| ||spa||
041 _aESP
082 _a341.4
_bB88
100 _aBuenaga Ceballos, Óscar
_eAUT
245 0 _aIntroducción a la argumentación jurídica
260 _c2016
300 _a118 páginas :
_c21 cm.
650 _aGEN
654 _aCDE
942 _cLIB
_dJUS
_fJUS
_2ddc
_n
999 _c19892
_d19892